000 00293nam a2200109Ia 4500
008 200302s9999 xx 000 0 und d
100 _aDavina Jackson
245 _aNextwave : Emerging Talents In Australian Architecture
260 _bThames and Hudson, London
260 _c2007
300 _a255 P
999 _c4787
_d4787